[Event "Krasnodar"]
[Site "Krasnodar"]
[Date "1980.??.??"]
[Round "?"]
[White "Mochalov, Evgeny V"]
[Black "Shashin, Alexsander A"]
[Result "1/2-1/2"]
[WhiteElo "2455"]
[BlackElo "2425"]

1.d4 Nf6 2.c4 g6 3.Nc3 Bg7 4.e4 d6 5.Nf3 O-O 6.Be2 e5 7.O-O Nc6 8.d5 Ne7
9.Nd2 c5 10.dxc6 bxc6 11.b4 d5 12.a4 a6 13.Ba3 Re8 14.b5 d4 15.Ncb1 cxb5
16.cxb5 Bb7 17.Bd3 axb5 18.Bxb5 Nc6 19.Re1 Bf8 20.Nc4 Re6 21.Bxf8 Kxf8 22.Nbd2 Kg7
23.Nb3 Nd7 24.f4 exf4 25.a5 Nde5 26.Nb6 Ra7 27.Nd5 Nxa5 28.Nc5 Bxd5 29.Qxd4 Qf6
30.Nxe6+ Bxe6 31.Qxa7 Nb3 32.Rad1 Qg5 33.Kh1 Ng4 34.Bd7 Qh4 35.h3 Nf2+ 36.Kg1 Nxh3+
37.gxh3 Qg3+ 38.Kh1 Qxh3+ 39.Kg1 Qg3+ 40.Kh1 Qh3+ 41.Kg1 Qg3+ 42.Kh1 Qh3+
43.Kg1 f3 44.Qf2 Qg4+ 45.Kh1 Bxd7 46.Rd3 Qh3+ 47.Kg1 Qg4+ 48.Kh1 Qh3+ 49.Kg1 Qg4+  1/2-1/2

[Event "Krasnodar"]
[Site "Krasnodar"]
[Date "1980.??.??"]
[Round "?"]
[White "Yermolinsky, Alex"]
[Black "Mochalov, Evgeny V"]
[Result "1-0"]
[WhiteElo "2450"]
[BlackElo "2455"]

1.Nf3 Nf6 2.c4 g6 3.Nc3 Bg7 4.e4 d6 5.d4 O-O 6.Be2 e5 7.O-O Nc6 8.d5 Ne7
9.Ne1 Nd7 10.Nd3 f5 11.Bd2 Nf6 12.f3 f4 13.c5 dxc5 14.Nxc5 c6 15.Be1 cxd5
16.Nxd5 Nfxd5 17.exd5 Nf5 18.Bf2 Nd4 19.Bc4 Kh8 20.Nb3 b5 21.Nxd4 exd4 22.Bxb5 Qxd5
23.Bd3 Rb8 24.b3 Re8 25.Rc1 Bd7 26.Qd2 Re3 27.Rc7 a5 28.Rfc1 a4 29.bxa4 Bxa4
30.Bxe3 fxe3 31.Rc8+ Bf8 32.Qe1 Qb7 33.R8c7 Qd5 34.Qh4 Bd7 35.Bxg6 h6 36.Bd3 Qd6
37.Qe4  1-0

[Event "Malta ol (Men)"]
[Site "La Valetta"]
[Date "1980.??.??"]
[Round "?"]
[White "Garcia Gonzales, Guillermo"]
[Black "Catalan, Toufeeq"]
[Result "1-0"]
[WhiteElo "2505"]
[BlackElo "2230"]

1.d4 g6 2.e4 Bg7 3.c4 d6 4.Nc3 Nf6 5.Be2 O-O 6.Nf3 e5 7.O-O Nc6 8.Be3 Ng4
9.Bg5 f6 10.Bc1 Nh6 11.h3 Nf7 12.dxe5 dxe5 13.c5 Nd4 14.Nxd4 exd4 15.Nb5 a6
16.Nxd4 f5 17.Nb3 fxe4 18.Qxd8 Rxd8 19.Bc4 Kf8 20.f3 e3 21.Bxe3 Bxb2 22.Rab1 Bc3
23.Rbc1 Bb2 24.Rc2 Bf6 25.Na5 Bf5 26.Re2 Bd3 27.Bxd3 Rxd3 28.Bf2 Rb8 29.Rb1 b5
30.cxb6 cxb6 31.Nc6 Re8 32.Rxe8+ Kxe8 33.Nb4 Ra3 34.Bxb6 a5 35.Nd5 Be5 36.f4 Bd6
37.Rb2 h5 38.Rd2 Kd7 39.Kf2 Ke6 40.Nc7+ Ke7 41.Nb5 Ra4 42.Nxd6 Nxd6 43.Bc5 Rxf4+
44.Kg3 Rf6 45.Rxd6 Rxd6 46.Kf4 Ke6 47.Bxd6 Kxd6 48.Kg5 Kc5 49.Kxg6 h4 50.Kg5 Kb4
51.Kxh4 Ka3 52.g4 Kxa2 53.g5  1-0

[Event "Malta ol (Men)"]
[Site "La Valetta"]
[Date "1980.??.??"]
[Round "?"]
[White "Fedder, Steen"]
[Black "Shirazi, Kamran G"]
[Result "0-1"]
[WhiteElo "2410"]
[BlackElo "2370"]

1.d4 Nf6 2.c4 g6 3.Nc3 Bg7 4.e4 d6 5.Nf3 O-O 6.Be2 e5 7.O-O Nc6 8.d5 Ne7
9.Ne1 Nd7 10.Nd3 f5 11.Bd2 Nf6 12.f3 f4 13.c5 g5 14.Rc1 Ng6 15.cxd6 cxd6
16.Nb5 Ne8 17.a4 h5 18.Nf2 Rf7 19.a5 Bf8 20.Qb3 Rg7 21.h3 Nh4 22.Rc3 Nf6
23.Qd1 a6 24.Na3 b5 25.axb6 Qxb6 26.Rc6 Qxb2 27.Nc4 Qd4 28.Nb6 g4 29.Nxa8 g3
30.Be1 Qa7 31.Rxc8 gxf2+ 32.Bxf2 Rxg2+ 33.Kh1 Qd7  0-1

[Event "Malta ol (Men)"]
[Site "La Valetta"]
[Date "1980.??.??"]
[Round "?"]
[White "Murphy, R."]
[Black "Gonzales, Jorge A"]
[Result "0-1"]
[WhiteElo "2200"]
[BlackElo "2325"]

1.d4 Nf6 2.c4 g6 3.Nc3 Bg7 4.e4 d6 5.Be2 O-O 6.Nf3 e5 7.O-O Nc6 8.d5 Ne7
9.Ne1 Nd7 10.Be3 f5 11.f3 f4 12.Bf2 g5 13.b4 Rf7 14.Rc1 Ng6 15.c5 Nf6 16.cxd6 cxd6
17.a4 Bf8 18.Nb5 g4 19.Qc2 g3 20.hxg3 fxg3 21.Bxg3 Bh6 22.Rb1 Nh5 23.Bf2 Nhf4
24.Bd1 Nh3+ 25.Kh1 Rg7 26.gxh3 Qd7  0-1

[Event "Malta ol (Men)"]
[Site "La Valetta"]
[Date "1980.??.??"]
[Round "?"]
[White "Ouechtati, Mohamed"]
[Black "Abouchaaya, Tony"]
[Result "1/2-1/2"]
[WhiteElo "2200"]
[BlackElo "2200"]

1.d4 Nf6 2.Nf3 g6 3.c4 Bg7 4.Nc3 O-O 5.e4 d6 6.Be2 e5 7.O-O Nc6 8.d5 Ne7
9.Ne1 Ne8 10.Nd3 f5 11.f3 f4 12.Bd2 g5 13.c5 Ng6 14.Rc1 Rf7 15.Qc2 Bf8 16.cxd6 cxd6
17.Nb5 h5 18.a4 g4 19.Be1 g3 20.hxg3 fxg3 21.Bxg3 Qg5 22.Bh2 Bh3 23.Rf2 Bh6
24.Kh1 Bd7 25.Nc3 Bg7 26.Rg1 Qe7 27.Nd1 Rc8 28.Qb3 b6 29.Bf1 Nf6 30.g3 Qe8
31.Qa3 Qe7 32.Qb3 Qe8 33.Qa3  1/2-1/2

[Event "Malta ol (Men)"]
[Site "La Valetta"]
[Date "1980.??.??"]
[Round "?"]
[White "Rubinetti, Jorge A"]
[Black "Attard, Wilfred"]
[Result "1-0"]
[WhiteElo "2445"]
[BlackElo "2240"]

1.c4 Nf6 2.Nc3 g6 3.e4 d6 4.d4 Bg7 5.Nf3 O-O 6.Be2 e5 7.O-O Nc6 8.d5 Ne7
9.Ne1 Nd7 10.Nd3 f5 11.Bd2 Nf6 12.f3 c5 13.Rb1 b6 14.b4 Bd7 15.bxc5 bxc5
16.Qb3 Rb8 17.Qa3 Qc7 18.Rb3 Rxb3 19.axb3 Rb8 20.Ra1 Rb7 21.Rb1 Nc8 22.Nf2 Rb6
23.Nb5 Bxb5 24.cxb5 Rb7 25.Rc1 Bf8 26.b4 Qe7 27.Qa6 Nd7 28.Qxb7  1-0

[Event "DSV-Turnier"]
[Site "Leipzig"]
[Date "1980.??.??"]
[Round "5"]
[White "Luczak, Andrzej"]
[Black "Petrushin, Alexander I"]
[Result "0-1"]
[WhiteElo "2430"]
[BlackElo "2390"]

1.d4 Nf6 2.c4 g6 3.Nc3 Bg7 4.e4 d6 5.Be2 O-O 6.Nf3 e5 7.O-O Nc6 8.d5 Ne7
9.Bd2 Nd7 10.b4 f5 11.Qb3 Nf6 12.exf5 Nxf5 13.Bd3 Nh5 14.g3 Bh6 15.Qc2 Bxd2
16.Qxd2 a5 17.Ne4 axb4 18.Qxb4 b6 19.Qc3 Bd7 20.Nfd2 Nfg7 21.Bc2 Bh3 22.Rfe1 Nf5
23.Nb3 Nfg7 24.a4 Nf6 25.a5 bxa5 26.Nxa5 Nxe4 27.Bxe4 Qf6 28.f3 Nf5 29.Nc6 Qg5
30.Kh1 Nh4 31.Rg1 Rxa1 32.Qxa1 Nxf3 33.Bxf3 Rxf3 34.Qb2 Qe3 35.Qb8+ Rf8 36.Qxc7 Qe4+  0-1

[Event "DSV-Turnier"]
[Site "Leipzig"]
[Date "1980.??.??"]
[Round "10"]
[White "Vilela, Jose Luis"]
[Black "Vogt, Lothar"]
[Result "1/2-1/2"]
[WhiteElo "2410"]
[BlackElo "2510"]

1.d4 Nf6 2.c4 g6 3.Nc3 Bg7 4.e4 d6 5.Be2 O-O 6.Nf3 e5 7.O-O Nc6 8.d5 Ne7
9.Nd2 c5 10.dxc6 bxc6 11.b4 d5 12.b5 Qa5 13.Nb3 Qxc3  1/2-1/2

[Event "DSV-Turnier"]
[Site "Leipzig"]
[Date "1980.??.??"]
[Round "12"]
[White "Vilela, Jose Luis"]
[Black "Petrushin, Alexander I"]
[Result "1/2-1/2"]
[WhiteElo "2410"]
[BlackElo "2390"]

1.d4 Nf6 2.c4 g6 3.Nc3 Bg7 4.e4 d6 5.Be2 O-O 6.Nf3 e5 7.O-O Nc6 8.d5 Ne7
9.Nd2 Nd7 10.b4 f5 11.c5 Nf6 12.f3 f4 13.Nc4 g5 14.Ba3 Ne8 15.b5 b6 16.cxd6 Nxd6
17.Bb4 Ng6 18.a4 Rf7 19.a5 Rb8 20.axb6 axb6 21.Ra7 Bf8 22.Qb3 h5 23.Nxd6 Bxd6
24.Bxd6 cxd6 25.Rxf7 Kxf7 26.Rc1 g4 27.Na2 Ra8 28.Nb4 Qh4 29.Bf1 Nf8 30.Na6 Nd7
31.Nc7 Ra5 32.Ne6 Nc5 33.Nxc5 bxc5 34.b6 Bb7 35.Bb5 gxf3 36.gxf3 Qh3 37.Bf1 Qh4
38.Bb5 Qh3 39.Bf1 Qh4 40.Rb1 Ra8 41.Qb2 Rg8+ 42.Kh1 Kf6 43.Bb5 Bc8 44.Bf1 Bb7
45.Qd2 Ra8 46.Qg2 Kf7 47.Bb5 Rg8 48.Qe2 Bc8 49.Rg1 Bh3 50.Rxg8 Kxg8 51.b7 Qd8
52.Ba6 Kf7 53.Qb5 Qh4 54.Qe2 Qd8 55.Qb5 Qh4 56.Qe2 Qd8 57.Qb2 Qa5 58.Bf1 Qe1
59.Qe2 Qb1 60.b8=Q Qxb8 61.Bxh3 Qb3 62.Bf1 Kf6 63.Qd3 Qb8 64.Qb5 Qd8 65.Bh3 Kg5
66.Qd7 Qxd7 67.Bxd7 c4 68.Kg2 c3 69.Ba4 Kh4 70.Bc2 Kg5 71.Bb3 Kh4 72.Ba4 Kg5
73.Kf2 Kh4 74.Bc2 Kh3 75.Kg1 Kh4 76.Kg2 Kg5 77.Kh3 Kg6 78.Kh4 Kh6 79.Kh3 Kg5  1/2-1/2

[Event "Makarczyk mem"]
[Site "Lodz"]
[Date "1980.??.??"]
[Round "10"]
[White "Luczak, Andrzej"]
[Black "Schmidt, Wlodzimierz"]
[Result "1/2-1/2"]
[WhiteElo "2430"]
[BlackElo "2440"]

1.c4 g6 2.e4 Bg7 3.d4 d6 4.Nc3 Nf6 5.Be2 O-O 6.Nf3 e5 7.O-O Nc6 8.d5 Ne7
9.Bd2 Ne8 10.b4 f5 11.Qb3 Nf6 12.exf5 gxf5 13.c5 Kh8 14.cxd6 cxd6 15.Rac1 h6
16.Rfd1 b6 17.Bb5 Bb7 18.Be1 Rc8 19.Bc6 Bxc6 20.dxc6 Nxc6 21.b5 Na5 22.Qe6 Ne4
23.Nd5 Qe8 24.Ne7 Rxc1 25.Rxc1 Kh7 26.Rc7 Nb7 27.Qd5 Nbc5 28.Nc6 a6 29.bxa6 Nxa6
30.Rb7 Nac5 31.Rxb6 Qf7 32.Nb4 Qxd5 33.Nxd5 Ra8 34.Nb4 d5  1/2-1/2

[Event "Lone Pine"]
[Site "Lone Pine"]
[Date "1980.??.??"]
[Round "6"]
[White "Youngworth, Perry"]
[Black "Biyiasas, Peter"]
[Result "1-0"]
[WhiteElo "2290"]
[BlackElo "2485"]

1.c4 g6 2.d4 Bg7 3.Nc3 d6 4.Nf3 Nf6 5.e4 O-O 6.Be2 e5 7.O-O Nc6 8.d5 Ne7
9.Ne1 Nd7 10.Nd3 f5 11.f3 f4 12.b4 g5 13.c5 Nf6 14.a4 Rf7 15.a5 Bf8 16.Ba3 Ng6
17.b5 b6 18.cxb6 cxb6 19.Nb4 h5 20.Nc6 Qc7 21.Bb4 g4 22.axb6 Qxb6+ 23.Kh1 Be7
24.Na4 Qb7 25.Qb3 g3 26.Qa3 Ne8 27.Rfc1 Nh4 28.Bf1 Rg7 29.Ra2 gxh2 30.Nb2 Qb6
31.Kxh2 Qf2 32.Nxe7+ Kh7 33.Nc4 Qg3+ 34.Kh1 Rxe7 35.Nxd6 Bh3 36.Be1 Qg5 37.gxh3 Rg7
38.Bf2 Nxd6 39.Qxd6 Nxf3 40.Rc7 Rg8 41.Raxa7 Nd2 42.Rxg7+ Rxg7 43.Rxg7+ Qxg7
44.Qe6 Nxf1 45.Qf5+ Kg8 46.h4 Qc7 47.Qg6+ Kf8 48.Qc6 Qa5  1-0

[Event "WchT U26"]
[Site "Mexico"]
[Date "1980.??.??"]
[Round "?"]
[White "Norris, Alan J"]
[Black "Braga, Cicero"]
[Result "1/2-1/2"]
[WhiteElo "2250"]
[BlackElo "2350"]

1.d4 Nf6 2.c4 g6 3.Nc3 Bg7 4.e4 d6 5.Be2 O-O 6.Nf3 e5 7.O-O Nc6 8.d5 Ne7
9.Ne1 Nd7 10.Nd3 f5 11.Bd2 Nf6 12.f3 f4 13.Rc1 g5 14.c5 Ng6 15.cxd6 cxd6
16.Nb5 Rf7 17.Qc2 Ne8 18.a4 h5 19.Nf2 Bf8 20.h3 Rg7 21.Qb3 Nh4 22.Rc2 Nf6
23.Rfc1 g4 24.fxg4 hxg4 25.hxg4 Bxg4 26.Bxg4 Nxg4 27.Nxg4 Rxg4 28.Qh3 Rxg2+
29.Kh1 Qg5 30.Bxf4 Qxf4 31.Rxg2+ Nxg2 32.Qxg2+ Bg7 33.Rg1 Qh4+ 34.Qh2 Qxe4+
35.Qg2 Qh7+ 36.Qh2 Qd3 37.Qg2 Qh7+ 38.Qh2 Qe4+ 39.Qg2 Qh4+ 40.Qh2  1/2-1/2

[Event "WchT U26"]
[Site "Mexico"]
[Date "1980.??.??"]
[Round "?"]
[White "Goodman, David SC"]
[Black "Carrion, Marcelo"]
[Result "1-0"]
[WhiteElo "2375"]
[BlackElo "2245"]

1.d4 Nf6 2.c4 g6 3.Nc3 Bg7 4.e4 d6 5.Be2 O-O 6.Nf3 e5 7.O-O Nc6 8.d5 Ne7
9.b4 Nh5 10.c5 Nf4 11.Bxf4 exf4 12.Rc1 h6 13.Nd2 g5 14.Nc4 a6 15.Na4 Ng6
16.cxd6 cxd6 17.Nab6 Rb8 18.Bg4 Ne5 19.Nxc8 Nxg4 20.N8xd6 Nxf2 21.Rxf2 b5
22.Nf5 bxc4 23.Rxc4 Re8 24.Qh5 Rb6 25.Rfc2 Qf6 26.h4 Qa1+ 27.Kh2 Be5 28.Rc8 f3+
29.g3 Bxg3+ 30.Nxg3 Rxc8 31.Rxc8+ Kh7  1-0

[Event "DDR-ch 29th"]
[Site "Plauen"]
[Date "1980.??.??"]
[Round "3"]
[White "Gruenberg, Hans Ulrich"]
[Black "Hesse, Peter"]
[Result "1-0"]
[WhiteElo "2385"]
[BlackElo "2440"]

1.Nf3 Nf6 2.c4 g6 3.Nc3 Bg7 4.e4 d6 5.d4 O-O 6.Be2 e5 7.O-O Nc6 8.d5 Ne7
9.Ne1 Nd7 10.Nd3 f5 11.Bd2 Nf6 12.f3 f4 13.c5 g5 14.cxd6 cxd6 15.Rc1 Ng6
16.Nb5 Rf7 17.Qc2 Ne8 18.a4 h5 19.Nf2 a6 20.Na3 Bf8 21.Nc4 Bd7 22.Ba5 Qe7
23.Nb6 Rb8 24.Qb3 Rd8 25.Nxd7 Rxd7 26.Rc8 Bh6 27.Qb6 Rf8 28.b4 Nf6 29.Rxf8+ Bxf8
30.b5 Nh4 31.h3 g4 32.fxg4 hxg4 33.Bxg4 Nxg4 34.Nxg4 axb5 35.Qxb5 Kf7 36.Bb6 Bg7
37.g3 Ng6 38.Ne3 Nf8 39.gxf4 exf4 40.Rxf4+ Ke8 41.Nf5 Qg5+ 42.Rg4 Qc1+ 43.Qf1 Qc3
44.Bf2 Be5 45.Bg3 Bd4+ 46.Kh1 Bc5 47.Rg8 Rf7 48.Bxd6  1-0

[Event "DDR-ch 29th"]
[Site "Plauen"]
[Date "1980.??.??"]
[Round "9"]
[White "Vogt, Lothar"]
[Black "Hesse, Peter"]
[Result "1-0"]
[WhiteElo "2510"]
[BlackElo "2440"]

1.Nf3 Nf6 2.c4 g6 3.Nc3 Bg7 4.e4 d6 5.d4 O-O 6.Be2 e5 7.O-O Nc6 8.d5 Ne7
9.Bd2 Ne8 10.Rc1 h6 11.Ne1 f5 12.Nd3 f4 13.c5 g5 14.Bg4 Bxg4 15.Qxg4 Rf6
16.c6 bxc6 17.dxc6 Nxc6 18.Nd5 Nd4 19.Nxf6+ Nxf6 20.Qd1 Nxe4 21.Ba5 Rc8 22.Re1 Nf6
23.Bc3 Nf5 24.Qc2 Nh4 25.Rcd1 Qf8 26.Nb4 Kh8 27.Nc6 Re8 28.Qb3 Nd7 29.Qb7 f3
30.g4 Nf6 31.h3 Nxg4 32.hxg4 Qf4 33.Nxe5 dxe5 34.Re4 Qf7 35.Qxa7 h5 36.Qe3 hxg4
37.Bxe5 Rxe5 38.Rxe5  1-0

[Event "DDR-ch 29th"]
[Site "Plauen"]
[Date "1980.??.??"]
[Round "11"]
[White "Gruenberg, Hans Ulrich"]
[Black "Jakat, Thomas"]
[Result "1/2-1/2"]
[WhiteElo "2385"]
[BlackElo "2270"]

1.Nf3 Nf6 2.c4 g6 3.Nc3 Bg7 4.e4 d6 5.d4 O-O 6.Be2 e5 7.O-O Nc6 8.d5 Ne7
9.Bd2 Nd7 10.Rc1 h6 11.Ne1 f5 12.Nd3 fxe4 13.Nxe4 Nf6 14.f3 Nf5 15.Ndf2 Nd4
16.Nxf6+ Qxf6 17.Bd3 Bf5 18.Ne4 Qe7 19.Re1 Rf7 20.Be3 Qd7 21.c5 Raf8 22.c6 bxc6
23.dxc6 Qd8 24.Qd2 Kh8 25.b4 g5 26.Ng3 Bxd3 27.Qxd3 Qb8 28.a3 a5 29.Bxd4 exd4
30.b5 Be5 31.a4 Qc8 32.Re2 g4 33.Rf1 gxf3 34.Rxf3 Rxf3 35.gxf3 Qe6 36.Kg2 Qf6
37.Re4 Rg8 38.Rg4 Rxg4 39.fxg4 Bxg3 40.Kxg3 Qe5+ 41.Kf3 d5 42.Qe2 Qf6+ 43.Kg3 Qd6+
44.Kg2 Kg7 45.Qe8 Qb4 46.Qe5+ Kg6 47.Qe6+ Kg7 48.Qd7+ Kg6 49.Qf5+ Kg7 50.Qe5+ Kg6
51.Qe6+ Kg7 52.Qd7+ Kg6 53.Qf5+ Kg7 54.Qxd5 Qd2+ 55.Kg3 Qe1+ 56.Kh3 Qe3+  1/2-1/2

[Event "Rubinstein mem"]
[Site "Polanica Zdroj"]
[Date "1980.??.??"]
[Round "1"]
[White "Plachetka, Jan"]
[Black "Vogt, Lothar"]
[Result "1-0"]
[WhiteElo "2480"]
[BlackElo "2510"]

1.d4 Nf6 2.c4 g6 3.Nc3 Bg7 4.e4 d6 5.Be2 O-O 6.Nf3 e5 7.O-O Nc6 8.d5 Ne7
9.Nd2 c5 10.dxc6 bxc6 11.b4 d5 12.b5 d4 13.Na4 Nd7 14.Ba3 Re8 15.Rb1 Bb7
16.Nb3 Rb8 17.Nac5 cxb5 18.cxb5 Bc8 19.Bb4 Bh6 20.a4 Nf8 21.Bc4 Kg7 22.Nd3 Qc7
23.Nbc5 Ng8 24.Qb3 Ne6 25.Nxe6+ Bxe6 26.Bxe6 fxe6 27.Nc5 Qf7 28.Na6 Rbd8
29.Rb2 Nf6 30.Qd3 Rc8 31.Bd6 Rc3 32.Qe2 d3 33.Qf3 Nd7 34.Qxf7+ Kxf7 35.g3 Rec8
36.f4 exf4 37.gxf4 Nf6 38.Be5 Rc1 39.Nb4 Rxf1+ 40.Kxf1 Rc1+ 41.Kg2 Rd1 42.Kf3 g5
43.Bc3 gxf4 44.Rd2 Rf1+ 45.Kg2 Re1 46.Rxd3 Rxe4 47.a5 Nd5 48.Nxd5 exd5 49.Rxd5 f3+
50.Kg3 Rf4 51.Be1 Rf6 52.Rd3 Bf4+ 53.Kxf3 Bxh2+ 54.Kg2 Bd6 55.Bf2 Rg6+  1-0

[Event "Rubinstein mem"]
[Site "Polanica Zdroj"]
[Date "1980.??.??"]
[Round "12"]
[White "Spassov, Liuben"]
[Black "Schmidt, Wlodzimierz"]
[Result "1/2-1/2"]
[WhiteElo "2450"]
[BlackElo "2430"]

1.Nf3 Nf6 2.c4 g6 3.Nc3 Bg7 4.e4 d6 5.d4 O-O 6.Be2 e5 7.O-O Nc6 8.d5 Ne7
9.Ne1 Nd7 10.Nd3 f5 11.Bd2 Nf6 12.f3 f4 13.c5 g5 14.cxd6 cxd6 15.Nf2 Ng6
16.Nb5 Rf7 17.Qc2 a6 18.Na3 b5 19.Qd1 h5 20.h3 Bf8 21.Nc2 a5 22.b4 a4 23.Na3 Bd7
24.Bxb5 Bxb5 25.Nxb5 g4 26.fxg4 hxg4 27.hxg4 Nxe4 28.Nxe4 Qb6+ 29.Rf2 Qxb5
30.g5 Be7 31.Qc2 Qxd5  1/2-1/2

[Event "Rubinstein mem"]
[Site "Polanica Zdroj"]
[Date "1980.??.??"]
[Round "13"]
[White "Vilela, Jose Luis"]
[Black "Pokojowczyk, Jerzy"]
[Result "1/2-1/2"]
[WhiteElo "2410"]
[BlackElo "2380"]

1.c4 g6 2.d4 Nf6 3.Nc3 Bg7 4.e4 d6 5.Be2 O-O 6.Nf3 e5 7.O-O Nc6 8.d5 Ne7
9.Nd2 c5 10.dxc6 bxc6 11.b4 Ne8 12.Nb3 f5 13.Bb2  1/2-1/2

[Event "URS-ch U26"]
[Site "Riga"]
[Date "1980.??.??"]
[Round "?"]
[White "Magerramov, Elmar"]
[Black "Kengis, Edvins"]
[Result "0-1"]
[WhiteElo "2435"]
[BlackElo "2390"]

1.Nf3 Nf6 2.c4 g6 3.Nc3 Bg7 4.e4 d6 5.d4 O-O 6.Be2 e5 7.O-O Nc6 8.d5 Ne7
9.Nd2 a5 10.Rb1 Nd7 11.a3 f5 12.b4 b6 13.Bb2 Nf6 14.Qc2 Bh6 15.Rbd1 Bd7 16.exf5 Nxf5
17.Nb5 Rf7 18.Qb3 axb4 19.axb4 Qf8 20.g3 Bxd2 21.Rxd2 Ne4 22.Rdd1 Ng5 23.f4 Nh3+
24.Kh1 Qh6 25.fxe5 dxe5 26.Bc1 g5 27.Bb2 Raf8 28.c5 Nd4 29.Bxd4 exd4 30.Rxf7 Rxf7
31.Rf1 Rxf1+ 32.Bxf1 Qf6 33.d6+ Kg7 34.Bxh3 Bxh3 35.Qd3 bxc5 36.bxc5 cxd6
37.cxd6 Bf1 38.Qxd4 Bxb5  0-1

[Event "Rilton Cup"]
[Site "Stockholm"]
[Date "1980.??.??"]
[Round "?"]
[White "Schussler, Harry"]
[Black "Ivarsson, Johnny"]
[Result "1-0"]
[WhiteElo "2420"]
[BlackElo "2355"]

1.d4 Nf6 2.Nf3 g6 3.c4 Bg7 4.Nc3 O-O 5.e4 d6 6.Be2 e5 7.O-O Nc6 8.d5 Ne7
9.Nd2 Nd7 10.b4 f5 11.c5 Nf6 12.a4 Kh8 13.f3 Bh6 14.Nc4 Bxc1 15.Qxc1 f4 16.a5 g5
17.b5 Ng6 18.b6 dxc5 19.Nb5 Ne8 20.Nxa7 Bd7 21.Qb2 cxb6 22.axb6 Qf6 23.Nb5 Rb8
24.Nc7 h5 25.h3 Nd6 26.Rfc1 Nxc4 27.Rxc4 g4 28.fxg4 hxg4 29.hxg4 Nh4 30.Ra3 f3
31.Bxf3 Bxg4 32.Bxg4 Rg8 33.Bh3 Rbf8 34.Ne6 Qf1+ 35.Kh2 Rf6 36.Rc1 Nf3+ 37.Rxf3  1-0

[Event "CSR-ch"]
[Site "Trnava"]
[Date "1980.??.??"]
[Round "3"]
[White "Meduna, Eduard"]
[Black "Trapl, Jindrich"]
[Result "1-0"]
[WhiteElo "2405"]
[BlackElo "2380"]

1.d4 Nf6 2.c4 g6 3.Nc3 Bg7 4.e4 d6 5.Be2 O-O 6.Nf3 e5 7.O-O Nc6 8.d5 Ne7
9.Ne1 Ne8 10.Nd3 f5 11.Bd2 c5 12.Rb1 Nf6 13.f3 f4 14.b4 cxb4 15.Rxb4 b6 16.a4 a5
17.Rb2 Bd7 18.Qb3 Nc8 19.Rfb1 Be8 20.Be1 Nd7 21.Nb5 Rf7 22.Qd1 Bf8 23.Bf1 Nc5
24.Nxc5 bxc5 25.Nc3 Raa7 26.Rb8 g5 27.Nb5 Ra6 28.Rb2 Rg7 29.g3 Bd7 30.Rb7 Nb6
31.Qb1 Bc8 32.Rb8 Nd7 33.Rxc8 Qxc8 34.Bh3 Qd8 35.Na3 Nb6 36.Be6+ Kh8 37.Rb5 Rga7
38.Qc2 Ra8 39.Qg2 Bg7 40.Qh3 Qf6 41.Qh5 Qg6 42.Qh3 Nxa4 43.Bd7 fxg3 44.hxg3 g4
45.fxg4 Qxe4 46.Bf2 Qg6 47.Rb7 Qg5 48.Bxa4 Qc1+ 49.Kg2 Qxa3 50.Bc2 h6 51.g5 Rf8
52.Bf5 e4 53.Rxg7 Qf3+ 54.Kg1 h5 55.Rh7+ Kg8 56.Rxh5 Qxf5 57.Rh8+  1-0

[Event "CSR-ch"]
[Site "Trnava"]
[Date "1980.??.??"]
[Round "11"]
[White "Pribyl, Josef"]
[Black "Lechtynsky, Jiri"]
[Result "1/2-1/2"]
[WhiteElo "2390"]
[BlackElo "2450"]

1.d4 Nf6 2.c4 g6 3.Nc3 Bg7 4.e4 d6 5.Nf3 O-O 6.Be2 e5 7.O-O Nc6 8.d5 Ne7
9.b4 Ne8 10.c5 h6 11.Qb3 Kh7 12.Bb2 f5 13.Rac1 f4 14.Nb5 g5 15.Nd2 g4 16.Rc3 a6
17.Na3 Ng6 18.Qd1 h5 19.Nac4 Bh6 20.a4  1/2-1/2

[Event "CSR-ch"]
[Site "Trnava"]
[Date "1980.??.??"]
[Round "12"]
[White "Lechtynsky, Jiri"]
[Black "Trapl, Jindrich"]
[Result "1/2-1/2"]
[WhiteElo "2450"]
[BlackElo "2380"]

1.Nf3 Nf6 2.c4 g6 3.d4 Bg7 4.Nc3 O-O 5.e4 d6 6.Be2 e5 7.O-O Nc6 8.d5 Ne7
9.Bd2 c5 10.dxc6 bxc6 11.Bg5 Qc7 12.Rc1 Rb8 13.b3 h6 14.Bxf6 Bxf6 15.c5 dxc5
16.Na4 Bg4 17.Bc4 Rfd8 18.Qe2 Nc8 19.Nxc5 Nd6 20.Bd3 Bg5 21.Rc2 Qe7 22.h3 Bxf3
23.Qxf3 Nb5 24.Bxb5 cxb5 25.Qe2 b4 26.g3 Rd4 27.h4 Bf6 28.Rd1 Rbd8 29.Rxd4 Rxd4
30.Kg2 Qd8 31.h5 gxh5 32.Qxh5 Bg5 33.Qe2 Rd2 34.Rxd2 Qxd2 35.Qxd2 Bxd2 36.Kf3 Kg7
37.Nd7 Bc3 38.Nb8 Kf6 39.Nc6 a6 40.Ke2 Ke6 41.Kd3 h5 42.Ke3 f5 43.exf5+ Kxf5
44.f3 Ke6 45.Ke4 Be1 46.Nxe5 Bxg3 47.f4 Be1 48.Nd3 Bd2 49.Nc5+ Kf6 50.Nxa6 h4
51.Nc5 h3 52.Kf3 h2 53.Kg2 Bxf4 54.Nd3 Bd6 55.Nf2 Kf5 56.Nd3 Ke4 57.Nxb4 Bxb4
58.Kxh2  1/2-1/2

[Event "DEN-ch"]
[Site "Aarhus"]
[Date "1981.??.??"]
[Round "2"]
[White "Brinck Claussen, Bjorn"]
[Black "Mortensen, Erling"]
[Result "1/2-1/2"]
[WhiteElo "2375"]
[BlackElo "2375"]

1.d4 Nf6 2.c4 g6 3.Nc3 Bg7 4.e4 d6 5.Nf3 O-O 6.Be2 e5 7.O-O Nc6 8.d5 Ne7
9.Nd2 c5 10.dxc6 bxc6 11.b4 a6 12.Nb3 d5 13.Bg5 d4 14.Bxf6 Bxf6 15.Na4 Bg7
16.Na5 Kh8 17.c5 Ra7 18.Nb6 Be6 19.Bc4 Bxc4 20.Naxc4 f5 21.f3 Qc7 22.Nd6 Ng8
23.Qd3 Nh6 24.Rab1 Nf7 25.Nbc4 Qd7 26.exf5 Nxd6 27.Nxd6 gxf5 28.Rfe1 Qe6
29.Re2 a5 30.a3 axb4 31.axb4 Re7 32.Rbe1 Qf6 33.g3 Bh6 34.Kg2 Be3 35.Rxe3 dxe3
36.Rxe3 e4 37.fxe4 fxe4 38.Qe2 Qd4 39.Qe1 Rf3 40.Rxe4 Rxe4 41.Qxe4 Rf2+ 42.Kh3 Qxe4
43.Nxe4 Rb2 44.Nd6 Rxb4 45.Nf7+ Kg7 46.Nd8 Kf6 47.Nxc6 Rc4 48.Nb8 Kf5 49.c6 Rc2
50.Na6 Rxc6 51.Nb4 Rd6 52.Nc2 Ke4 53.Ne1 Ke3 54.Ng2+ Kf2 55.Nh4 Ra6 56.Kg4 Kg1
57.Nf3+ Kg2 58.Ng5 h6 59.Nf7 Rf6 60.Ne5 Kxh2 61.Kh4 Kg2 62.g4 Re6  1/2-1/2

[Event "Baden-Baden"]
[Site "Baden-Baden"]
[Date "1981.??.??"]
[Round "?"]
[White "Stajcic, Nikola"]
[Black "Borik, Otto"]
[Result "1/2-1/2"]
[WhiteElo "2215"]
[BlackElo "2410"]

1.c4 Nf6 2.Nf3 g6 3.Nc3 Bg7 4.d4 O-O 5.e4 d6 6.Be2 e5 7.O-O Nc6 8.d5 Ne7
9.Ne1 Nd7 10.f3 f5 11.g4 Nf6 12.Nd3 c6 13.Bd2 cxd5 14.cxd5 Bd7 15.b4 Rc8
16.Nf2 Qb6 17.Kg2 fxg4 18.fxg4 g5 19.h4 h6 20.h5 Qd4 21.Qe1 Rc7 22.Rc1 Nc8
23.a4 Nb6 24.a5 Na4 25.Nxa4 Rxc1 26.Qxc1 Nxe4 27.Be3 Qxb4 28.Nb2 Nxf2 29.Rxf2 Qe4+
30.Kg1 Rxf2 31.Kxf2 Bxg4 32.Qc4 Qf5+ 33.Ke1 Bxe2 34.Kxe2 e4 35.Nd1 g4 36.Nf2 Qxh5
37.Qxe4 g3+ 38.Ng4 Qf7 39.Qf3 h5 40.Nh6+ Bxh6 41.Bxh6 Qg6  1/2-1/2

[Event "SVK-ch"]
[Site "Bardejov"]
[Date "1981.??.??"]
[Round "1"]
[White "Cervenka, Imrich"]
[Black "Treybal, Dusan"]
[Result "1/2-1/2"]
[WhiteElo "2225"]
[BlackElo "2295"]

1.d4 Nf6 2.c4 g6 3.Nc3 Bg7 4.e4 d6 5.Be2 O-O 6.Nf3 e5 7.O-O Nc6 8.d5 Ne7
9.Ne1 Nd7 10.f3 f5 11.g4 Nf6 12.Be3 c5 13.Rb1 Rf7 14.Nd3 Bf8 15.b4 b6 16.bxc5 bxc5
17.Bxc5 dxc5 18.Nxe5 Rg7 19.d6 Be6 20.dxe7 Qxe7 21.Nc6 Qc7 22.Nd5 Bxd5 23.cxd5 Bd6
24.Qc2 Re8 25.Ba6 Bf4 26.Qxc5 fxe4 27.Rb7 Bxh2+ 28.Kh1 Qg3 29.Rxg7+ Kxg7
30.Qxa7+ Kh6 31.Qf2 Qxf2 32.Rxf2 Bd6  1/2-1/2

[Event "SVK-ch"]
[Site "Bardejov"]
[Date "1981.??.??"]
[Round "7"]
[White "Hrivnak, Vladimir"]
[Black "Salai, Ladislav"]
[Result "0-1"]
[WhiteElo "2225"]
[BlackElo "2070"]

1.c4 Nf6 2.d4 g6 3.Nc3 Bg7 4.e4 d6 5.Nf3 O-O 6.Be2 e5 7.O-O Nc6 8.d5 Ne7
9.Ne1 Ne8 10.Be3 f5 11.f3 f4 12.Bf2 g5 13.c5 Rf7 14.b4 Bf8 15.Nd3 Rg7 16.a4 h5
17.a5 Nf6 18.b5 g4 19.b6 g3 20.hxg3 fxg3 21.Be3 Ng6 22.bxc7 Rxc7 23.Qe1 Nxd5
24.Nxd5 Qh4 25.Qxg3 Qxg3 26.Nxc7 Bh3 27.Ne1 Rc8 28.Nd5 Nf4 29.Bxf4 exf4 30.a6 bxa6
31.Nf6+ Kh8 32.Rxa6 d5 33.Rd6 Bxd6 34.cxd6 Rc1 35.Nxh5 Qg5 36.d7 Bxd7 37.g4 fxg3
38.f4 Qh4  0-1

[Event "Caorle op"]
[Site "Caorle"]
[Date "1981.??.??"]
[Round "4"]
[White "Martin, Andrew D"]
[Black "Santolini, Luigi"]
[Result "1/2-1/2"]
[WhiteElo "2375"]
[BlackElo "2220"]

1.d4 Nf6 2.c4 g6 3.Nc3 Bg7 4.e4 d6 5.Be2 O-O 6.Nf3 e5 7.O-O Nc6 8.d5 Ne7
9.Bd2 Nh5 10.g3 f5 11.Ng5 Nf6 12.exf5 Nxf5 13.Bf3 Nd4 14.Bg2 Bf5 15.Nge4 Qd7
16.Rc1 Nxe4 17.Nxe4 Bh3 18.f3 Bxg2 19.Kxg2 Rf5 20.Be3 Raf8 21.Bxd4 exd4 22.g4 R5f7
23.Ng5 Re7 24.Ne6 Rxe6 25.dxe6 Qxe6 26.Qd3 Rf4 27.Rfe1 Be5 28.c5 Qxa2 29.cxd6 Bxd6
30.Qb5 b6 31.Re8+ Kg7 32.Qd7+ Rf7 33.Qb5 a6 34.Qd3 Qxb2+ 35.Rc2 Qb4 36.Rc4 Qb2+
37.Rc2 Qa1 38.h4 Rf4 39.h5 gxh5 40.Qc4 Rf8 41.Rxf8 Kxf8 42.Re2 hxg4 43.fxg4 Qc3
44.Qe6 Qg3+ 45.Kf1 Qh3+ 46.Kg1 Qg3+ 47.Kf1  1/2-1/2

[Event "Politiken Cup"]
[Site "Copenhagen"]
[Date "1981.??.??"]
[Round "1"]
[White "Hvenekilde, Jorgen"]
[Black "Scheeren, Peter"]
[Result "0-1"]
[WhiteElo "2275"]
[BlackElo "2415"]

1.c4 g6 2.Nc3 Bg7 3.d4 d6 4.Nf3 Nf6 5.e4 O-O 6.Be2 e5 7.O-O Nc6 8.d5 Ne7
9.Ne1 Nd7 10.Nd3 f5 11.Bd2 fxe4 12.Nxe4 Nf6 13.f3 Nf5 14.Rc1 c5 15.dxc6 bxc6
16.Nxf6+ Bxf6 17.Nf2 d5 18.cxd5 cxd5 19.Re1 Be6 20.Bf1 Qb6 21.Qa4 Bh4 22.g3 Nd4
23.Bg2 Nxf3+ 24.Bxf3 Rxf3 25.Be3 Rxe3 26.Rxe3 Qxe3 27.Qc6 Rf8 28.Qxe6+ Rf7
29.Rc2 d4 30.Kg2 d3 31.Rc8+ Kg7 32.Ng4 Qe2+ 33.Kh3 Be7 34.Rg8+ Kxg8 35.Nh6+ Kg7
36.Qxf7+ Kxh6 37.Qxe7 d2 38.Qf8+ Kh5 39.Qe7 Qf1+  0-1